| 000 -LEADER |
| fixed length control field |
01342cam a2200421Ia 4500 |
| 001 - CONTROL NUMBER |
| control field |
53190697 |
| 003 - CONTROL NUMBER IDENTIFIER |
| control field |
OCoLC |
| 005 - DATE AND TIME OF LATEST TRANSACTION |
| control field |
20190729083221.0 |
| 008 - FIXED-LENGTH DATA ELEMENTS--GENERAL INFORMATION |
| fixed length control field |
031014r20031995nyu 000 1 eng d |
| 020 ## - INTERNATIONAL STANDARD BOOK NUMBER |
| International Standard Book Number |
0440238137 |
| 020 ## - INTERNATIONAL STANDARD BOOK NUMBER |
| International Standard Book Number |
9780440238133 (pbk.) |
| 035 ## - SYSTEM CONTROL NUMBER |
| System control number |
(OCoLC)53190697 |
| 040 ## - CATALOGING SOURCE |
| Original cataloging agency |
OCO |
| Transcribing agency |
OCO |
| Modifying agency |
ZRS |
| -- |
OCLCQ |
| -- |
NCM |
| -- |
BAKER |
| -- |
BTCTA |
| -- |
BNY |
| -- |
UtOrBLW |
| 082 ## - DEWEY DECIMAL CLASSIFICATION NUMBER |
| Classification number |
FIC PUL |
| 090 ## - LOCALLY ASSIGNED LC-TYPE CALL NUMBER (OCLC); LOCAL CALL NUMBER (RLIN) |
| Classification number (OCLC) (R) ; Classification number, CALL (RLIN) (NR) |
PZ7.P968 |
| Local cutter number (OCLC) ; Book number/undivided call number, CALL (RLIN) |
Go 2003 |
| 091 ## - MICROFILM SHELF LOCATION (AM) [OBSOLETE] |
| Microfilm shelf location |
FIC |
| 100 1# - MAIN ENTRY--PERSONAL NAME |
| Personal name |
Pullman, Philip, |
| Dates associated with a name |
1946- |
| Relator term |
author |
| 240 10 - UNIFORM TITLE |
| Uniform title |
Northern lights. |
| 245 14 - TITLE STATEMENT |
| Title |
The golden compass / |
| Statement of responsibility, etc. |
Philip Pullman. |
| 260 ## - PUBLICATION, DISTRIBUTION, ETC. |
| Place of publication, distribution, etc. |
New York : |
| Name of publisher, distributor, etc. |
Dell Laurel-Leaf, |
| Date of publication, distribution, etc. |
2007, c2003. |
| 300 ## - PHYSICAL DESCRIPTION |
| Extent |
351 p. ; |
| Dimensions |
18 cm. |
| 440 ## - SERIES STATEMENT/ADDED ENTRY--TITLE |
| Title |
His dark materials ; |
| Number of part/section of a work |
1 |
| 490 1# - SERIES STATEMENT |
| Series statement |
His dark materials ; |
| Volume/sequential designation |
1. |
| 520 ## - SUMMARY, ETC. |
| Summary, etc. |
Accompanied by her daemon, Lyra Belacqua sets out to prevent her best friend and other kidnapped children from becoming the subject of gruesome experiments in the Far North. |
| 650 #0 - SUBJECT ADDED ENTRY--TOPICAL TERM |
| Topical term or geographic name entry element |
Missing persons |
| Form subdivision |
Fiction. |
| 650 #0 - SUBJECT ADDED ENTRY--TOPICAL TERM |
| Topical term or geographic name entry element |
Kidnapping |
| Form subdivision |
Fiction. |
| 651 #0 - SUBJECT ADDED ENTRY--GEOGRAPHIC NAME |
| Geographic name |
Arctic regions |
| Form subdivision |
Fiction. |
| 655 #7 - INDEX TERM--GENRE/FORM |
| Genre/form data or focus term |
Fantasy fiction. |
| Source of term |
lcgft. |
| 901 ## - LOCAL DATA ELEMENT A, LDA (RLIN) |
| a |
nsn |
| -- |
MARS |
| 901 ## - LOCAL DATA ELEMENT A, LDA (RLIN) |
| a |
BTODC161130A |
| n |
FIC PULLMAN |
| 901 ## - LOCAL DATA ELEMENT A, LDA (RLIN) |
| a |
BTCLSD100322H |
| 901 ## - LOCAL DATA ELEMENT A, LDA (RLIN) |
| a |
BTLCS090910A |
| 901 ## - LOCAL DATA ELEMENT A, LDA (RLIN) |
| a |
BTCLSD100505D |
| 901 ## - LOCAL DATA ELEMENT A, LDA (RLIN) |
| a |
wzh |
| b |
CMA |
| c |
CATBL |
| 942 ## - ADDED ENTRY ELEMENTS (KOHA) |
| Source of classification or shelving scheme |
|
| Koha item type |
Books - Fiction |
| 945 ## - LOCAL PROCESSING INFORMATION (OCLC) |
| a |
.o12007250 |